000 005850000a22001690004500
090 _aAR
_b02511
245 1 0 _aHosts of the bat trematodes, Prosthodendrium oligolecithum manter and debus, 1945, and Acanthatrum macyi Sogandares-Bernal,
650 1 4 _aMurciélagos
_92659
650 1 4 _aParásitos
_98260
650 1 4 _aTaxonomía
_992343
653 _gProsthodendrium
_eProsthodendrium oligolecithum
653 _gAcanthatrium
_eAcanthatrium macyi
041 0 _aInglés
100 1 _aJones, J. Knox
_99498
942 _cARTICULO
773 1 _tJournal of Mammalogy
_3106
_h2
_q185-185
_d1957
_g43
999 _c11576
_d11576